00730nam a2200133Ia 4500001001100000008004100011100003600052245025200088260003100340300002200371502010500393700004500498710005300543Para_10184220602s9999 xx 000 0 und d aMuñoz Juárez, Marco Antonio aPlanta de crisantemo (Chrysabthemum x hortorum Ramat) obtenida por cultivo un vitro de meristemos, libre de cuatro virus asociados al cultivo, en Chapingo, estado de México / Marco Antonio Muñoz Juárez. Director José Merced Mejía Muñoz aChapingo, Méx.: el autor a1 CDS ROM (61 p.) aTesis (Ing. Agr. Esp. en Parasitología Agrícola). UACh. Departamento Parasitología Agrícola aMejía Muñoz, José Merced. Director aUACh. Departamento Parasitología AgrícolaÌ